|
|
|
|
| LEADER |
00867nam a2200313 4500 |
| 001 |
DLU120136738 |
| 005 |
##20120619 |
| 040 |
# |
# |
|a DLU
|b vie
|
| 041 |
# |
# |
|a vie
|
| 044 |
# |
# |
|a vn
|
| 082 |
# |
# |
|a 930.1
|b Hoa
|
| 245 |
# |
# |
|a Hoàng thành Thăng Long =
|b Thang Long imperial citadel /
|c Tống Trung Tín chủ biên.
|
| 246 |
# |
# |
|a Thang Long imperial citadel
|
| 260 |
# |
# |
|a H. :
|b Văn hoá-Thông tin,
|c 2006.
|
| 300 |
# |
# |
|a 216 tr. :
|b ảnh màu ;
|c 233x29 cm.
|
| 650 |
# |
# |
|a Thần, Việt Nam.
|
| 651 |
# |
# |
|a Hà Nội (Việt Nam)
|x Đời sống tôn giáo và tập quán.
|
| 700 |
# |
# |
|a Tống Trung Tín,
|e chủ biên.
|
| 923 |
# |
# |
|a 01/2012DP
|
| 991 |
# |
# |
|a SH
|
| 992 |
# |
# |
|a 320000
|
| 994 |
# |
# |
|a KDP
|
| 900 |
# |
# |
|a True
|
| 911 |
# |
# |
|a Đào Thị Thu Huyền
|
| 925 |
# |
# |
|a G
|
| 926 |
# |
# |
|a A
|
| 927 |
# |
# |
|a SH
|
| 980 |
# |
# |
|a Thư viện Trường Đại học Đà Lạt
|